Animal and vegetable oils and fats (Registro nro. 3186)

Detalles MARC
000 -CABECERA
Campo de control 00925nam a2200253 a 4500
005 - FECHA Y HORA DE LA ULTIMA TRANSACCION
Campo de control 20191224041701.0
008 - ELEMENTOS DE LONGITUD FIJA—INFORMACION GENERAL
Campo de control 140310b1997 ne a gr|||| 00| 0 eng d
040 ## - FUENTE DE CATALOGACIÓN
Agencia catalogadora original CO-BoIAVH
Agencia transcriptora CO-BoIAVH
041 ## - IDIOMA
Código de idioma para texto/pista de sonido o título separado Inglés
082 ## - NUMERO DE CLASIFICACION DECIMAL DEWEY
Número de clasificación 664.3
Número del ítem C39a
090 ## - CLASIFICACIÓN LOCAL
Colección LB
Consecutivo 02946
110 2# - ASIENTO PRINCIPAL--NOMBRE CORPORATIVO
9 (RLIN) 18289
Nombre corporativo o de jurisdicción como elemento de entrada Centre for the Promotion of Imports from Developing Countries (CBI)
Unidad subordinad Centre for the Promotion of Imports from Developing Countries, CBI
245 1# - MENCION DE TITULO
Título Animal and vegetable oils and fats
Parte restante del título a compact survey of The Netherlands and other major markets in the European Union
260 ## - PUBLICACION, DISTRIBUCION, ETC. (PIE DE IMPRENTA)
Lugar de publicación, distribución, etc. Rotterdam
Nombre del editor, distribuidor, etc. CBI
Fecha de publicación, distribución, etc. 1997
300 ## - DESCRIPCION FISICA
Extensión 151 paginas.
Dimensiones 21 x 15 cm.
650 #4 - ASIENTO SECUNDARIO DE MATERIA - TERMINO TEMATICO
Término temático o nombre geográfico como elemento de entrada Comercio internacional
9 (RLIN) 4456
650 #4 - ASIENTO SECUNDARIO DE MATERIA - TERMINO TEMATICO
Término temático o nombre geográfico como elemento de entrada Aceites vegetales
9 (RLIN) 16862
650 #4 - ASIENTO SECUNDARIO DE MATERIA - TERMINO TEMATICO
Término temático o nombre geográfico como elemento de entrada Grasas
9 (RLIN) 18862
650 #4 - ASIENTO SECUNDARIO DE MATERIA - TERMINO TEMATICO
Término temático o nombre geográfico como elemento de entrada Mercadeo
9 (RLIN) 52827
650 #4 - ASIENTO SECUNDARIO DE MATERIA - TERMINO TEMATICO
Término temático o nombre geográfico como elemento de entrada Unión Europea
9 (RLIN) 4258
650 #4 - ASIENTO SECUNDARIO DE MATERIA - TERMINO TEMATICO
Término temático o nombre geográfico como elemento de entrada Legislación ambiental
9 (RLIN) 52828
650 #4 - ASIENTO SECUNDARIO DE MATERIA - TERMINO TEMATICO
Término temático o nombre geográfico como elemento de entrada Certificación ambiental
9 (RLIN) 4417
942 ## - ELEMENTOS ADICIONALES (KOHA)
Tipo de ítem Libro
Sistema de clasificación Dewey Decimal Classification
Existencias
Withdrawn status Lost status Sistema de Clasificación Damaged status No para préstamo Colección Inventariado Ubicación Permanente Ubicación actual Fecha de adquisición Fuente de Valor Total Checkouts Número topográfico Inventario / Código de Barras Date last seen Ejemplar Price effective from Tipo de material
    Dewey Decimal Classification     General Inventariado 2017 Bogotá Bogotá 02/04/2003 Instituto   LB-664.3 C39a 005210 04/12/2012 Ej. 1 04/12/2012 Libro